[Event "MrDodgy Online Inv 2nd"]
[Site "chess24.com INT"]
[Date "2021.05.13"]
[Round "1.2"]
[White "Howell, David"]
[Black "Van Foreest, Jorden"]
[Result "1-0"]
[WhiteElo "2658"]
[BlackElo "2701"]
[PlyCount "165"]
[EventDate "2021.05.12"]
[EventType "k.o. (blitz)"]
[EventRounds "4"]
[EventCountry "GER"]
[SourceTitle "CBM 202 Extra"]
[Source "ChessBase"]
[SourceDate "2021.07.31"]
[SourceVersion "1"]
[SourceVersionDate "2021.06.30"]
[SourceQuality "1"]

1. Nf3 d5 2. g3 a5 ({RR} 2... b6 3. c4 dxc4 4. Qa4+ Nd7 5. Bg2 Bb7 6. O-O e6 7. Qxc4 Ngf6 8. Nc3 Be7 9. d4 c5 10. Rd1 O-O 11. dxc5 Bxc5 12. Bg5 Qc7 13. Qf4 Qxf4 14. Bxf4 Rfd8 15. Ne1 Bxg2 16. Kxg2 e5 17. Bd2 {Miles,A (2590)-Beliavsky,A (2620) Tilburg 1981 0-1 (74)}) 3. Bg2 a4 ({RR} 3... Nf6 4. O-O g6 5. c4 dxc4 6. Qa4+ c6 7. Qxc4 Bg7 8. d3 a4 9. Bf4 O-O 10. Qc1 Re8 11. Na3 Nbd7 12. Bh6 Bh8 13. h3 Nb6 14. Rd1 Ra5 15. e4 Rh5 16. g4 Nxg4 17. hxg4 Bxg4 18. Bf4 {Ghosh,D (2568)-Kuderinov,K (2360) Colombo SRI 2024 1-0 (59)}) 4. O-O g6 5. d4 $146 ({RR} 5. d3 Bg7 6. Nbd2 a3 7. Rb1 axb2 8. Bxb2 Nf6 9. c4 c6 10. Qb3 O-O 11. cxd5 cxd5 12. Rfc1 Nc6 13. Ne5 Na5 14. Qb5 Be6 15. Ba1 Qd6 16. Qb6 Qxb6 17. Rxb6 Rfc8 18. Rbb1 Nc6 19. Nxc6 Rxc6 {Selbes,T (2287)-Van Foreest,J (2702) Chess.com INT 2022 0-1 (47)}) 5... Bg7 6. c4 dxc4 7. Nc3 Nf6 8. Ne5 Ng4 9. Nxc4 Bxd4 10. h3 Be6 11. hxg4 Bxc4 12. Bxb7 Ra7 13. Bd5 Bxc3 14. Bxc4 Qxd1 15. Rxd1 Bg7 16. Rb1 O-O 17. Be3 Rb7 18. Rd2 Rb4 19. b3 axb3 20. Bxb3 Rxg4 21. Rc1 c6 22. Kg2 h5 23. Bc4 Be5 24. a4 Bc7 25. Bc5 Re8 26. e3 h4 27. Kf3 Rg5 28. gxh4 Rxc5 29. Bxf7+ Kxf7 30. Rxc5 Bd6 31. Rc1 Nd7 32. Ke2 c5 33. a5 Ra8 34. Ra2 Ne5 35. a6 Nc6 36. Ra4 Ra7 37. f4 Nb4 38. Rca1 c4 39. Kd2 Ke6 40. Kc3 Nd5+ 41. Kd4 Nb6 42. Ra5 Rd7 43. Ke4 c3 44. a7 Na8 45. Ra6 Rc7 46. Rc1 Kf7 47. Kd3 Bb4 48. Ra4 Rd7+ 49. Ke4 Bc5 50. Rxc3 Bxa7 51. Rca3 Bc5 52. Rxa8 Bxa3 53. Rxa3 Rd1 54. Kf3 Rh1 55. Kg3 Rc1 56. Ra5 Rc8 57. Re5 Rc1 58. Rg5 Rg1+ 59. Kf3 Rb1 60. h5 gxh5 61. Rxh5 Rf1+ 62. Ke4 Ra1 63. Rd5 Ke8 64. Rd4 Ra6 65. Rd5 Rh6 66. Re5 Kf7 67. Rf5+ Ke8 68. Rg5 Kf7 69. Kf3 Ra6 70. Rg3 e5 71. Kg4 exf4 72. Rf3 Rg6+ 73. Kxf4 Rf6+ 74. Ke4 Rxf3 75. Kxf3 Kf6 76. Ke2 Ke6 77. Kf2 Ke5 78. Kf3 Kf5 79. Kg3 Ke5 80. Kf2 Ke4 81. Ke2 Ke5 82. Kd3 Kd5 83. e4+ 1-0

[Event "MrDodgy Online Inv 2nd"]
[Site "chess24.com INT"]
[Date "2021.05.13"]
[Round "1.6"]
[White "Fressinet, Laurent"]
[Black "Svidler, Peter"]
[Result "1-0"]
[WhiteElo "2638"]
[BlackElo "2714"]
[PlyCount "55"]
[EventDate "2021.05.12"]
[EventType "k.o. (blitz)"]
[EventRounds "4"]
[EventCountry "GER"]
[SourceTitle "CBM 202 Extra"]
[Source "ChessBase"]
[SourceDate "2021.07.31"]
[SourceVersion "1"]
[SourceVersionDate "2021.06.30"]
[SourceQuality "1"]

1. Nf3 Nf6 2. g3 d5 3. Bg2 g6 4. c4 d4 5. b4 c5 6. bxc5 Nc6 7. O-O Bg7 8. d3 O-O 9. Nbd2 Nd7 10. Nb3 e5 11. Ng5 Nf6 $146 ({RR} 11... Qe7 12. Ne4 f5 13. Nd6 Nxc5 14. Ba3 Nxb3 15. Qxb3 Qf6 16. Rab1 {1-0 (16) Vassallo Barroche,M (2360)-Granero Roca,A (2270) Ibi 1996}) 12. Rb1 Qe7 13. Ne4 Nxe4 14. Bxe4 Bh3 15. Re1 f5 16. Bd5+ Kh8 17. Bd2 f4 18. Na5 Nxa5 19. Bxa5 Rab8 20. Bb4 Qf6 21. Bf3 Rf7 22. Ba3 g5 23. c6 g4 24. Bd5 fxg3 25. fxg3 Qf2+ 26. Kh1 Rf3 27. Rg1 Re3 28. Qe1 1-0

[Event "Titled Tuesday intern op 18th May"]
[Site "Chess.com INT"]
[Date "2021.05.18"]
[Round "4"]
[White "Pantsulaia, Levan"]
[Black "Bernadskiy, Vitaliy"]
[Result "1-0"]
[WhiteElo "2553"]
[BlackElo "2587"]
[PlyCount "101"]
[EventDate "2021.05.18"]
[EventType "swiss (blitz)"]
[EventRounds "11"]
[EventCountry "USA"]
[SourceTitle "CBM 202 Extra"]
[Source "ChessBase"]
[SourceDate "2021.07.31"]
[SourceVersion "1"]
[SourceVersionDate "2021.06.30"]
[SourceQuality "1"]

1. g3 g6 2. Bg2 Bg7 3. Nf3 e6 4. O-O Ne7 5. c4 O-O ({RR} 5... d6 6. Nc3 Nd7 7. d4 h6 8. b4 b6 9. Ne5 dxe5 10. Bxa8 exd4 11. Nb5 Ne5 12. Bg2 Nxc4 13. Qc2 a6 14. Qxc4 axb5 15. Qxb5+ Bd7 16. Qd3 O-O 17. Bb2 Ba4 18. Rac1 c6 19. Qd2 Qd6 20. e3 {Sevian,S (2693)-Hess,R (2591) Chess.com INT 2022 1-0 (51)}) 6. d4 b6 7. Nc3 Bb7 8. e4 $146 ({RR} 8. Bf4 h6 9. d5 d6 10. dxe6 fxe6 11. Qb3 Nd7 12. Rad1 e5 13. Be3 Kh7 14. Ng5+ hxg5 15. Bxb7 Rb8 16. Bg2 Nf5 17. Ne4 Nxe3 18. Qxe3 Bf6 19. b4 Qe7 20. Rd5 Rfd8 21. Rfd1 Kg7 22. Qa3 Nf8 {Lamberger,W (2034)-Loskamp,S (2132) Bad Woerishofen 2002 1-0 (38)}) 8... d6 9. Re1 Nd7 10. h4 c5 11. d5 e5 12. h5 Nf6 13. h6 Bh8 14. Bg5 Ne8 15. Rb1 Bc8 16. a3 f6 17. Be3 f5 18. Bg5 Nf6 19. b4 Nxe4 20. Nxe4 fxe4 21. Nd2 Bf5 22. Nxe4 Bxe4 23. Bxe4 Bf6 24. Bd2 Nf5 25. bxc5 dxc5 26. Bxf5 gxf5 27. Qh5 Qd7 28. Bc3 Rae8 29. Kg2 e4 30. Bd2 Bd4 31. Bf4 Qf7 32. Qxf7+ Kxf7 33. a4 Kg6 34. Re2 Be5 35. Bxe5 Rxe5 36. a5 bxa5 37. Rb5 f4 38. gxf4 Rxf4 39. Rxc5 Rg5+ 40. Kf1 Rh4 41. Ke1 a4 42. Rc6+ Kh5 43. d6 a3 44. d7 Rh1+ 45. Kd2 Rgg1 46. Ke3 Rd1 47. Rc5+ Kxh6 48. Rd5 Rxd5 49. cxd5 Rh3+ 50. Kxe4 Rh4+ 51. Ke5 1-0

[Event "Titled Tuesday intern op 18th May"]
[Site "Chess.com INT"]
[Date "2021.05.18"]
[Round "5"]
[White "Pantsulaia, Levan"]
[Black "Harsha, Bharathakoti"]
[Result "1-0"]
[WhiteElo "2553"]
[BlackElo "2509"]
[PlyCount "63"]
[EventDate "2021.05.18"]
[EventType "swiss (blitz)"]
[EventRounds "11"]
[EventCountry "USA"]
[SourceTitle "CBM 202 Extra"]
[Source "ChessBase"]
[SourceDate "2021.07.31"]
[SourceVersion "1"]
[SourceVersionDate "2021.06.30"]
[SourceQuality "1"]

1. g3 d5 2. Bg2 g6 3. c4 d4 4. Nf3 Bg7 5. O-O c5 6. d3 Nc6 7. e3 Nf6 8. exd4 cxd4 9. Re1 Nd7 ({RR} 9... O-O 10. a3 a5 11. Nbd2 Bf5 12. Nh4 Bg4 13. Qc2 Rc8 14. h3 Bd7 15. Nhf3 Qc7 16. Rb1 Rfe8 17. b4 axb4 18. axb4 e5 19. b5 Na5 20. Ba3 b6 21. Ng5 Nb7 22. Nge4 Nxe4 23. Nxe4 h6 24. g4 {Mosesov,D (2453)-Oleksiyenko,M (2572) Morshyn UKR 2024 0-1 (43)}) 10. Nbd2 O-O 11. a3 a5 12. Rb1 $146 ({RR} 12. b3 h6 13. Rb1 Nc5 14. Ne4 Na6 15. Nh4 Bd7 16. f4 Rb8 17. b4 axb4 18. axb4 Naxb4 19. Nc5 Na2 20. Nxd7 Qxd7 21. Rb6 Qc7 22. Qb3 Na5 23. Qb5 Ra8 24. Ba3 Nc3 25. Qb4 Bf6 26. Nf3 Nc6 {Kashtanov,R (2346)-Naiditsch,A (2673) Jurmala 2016 0-1}) 12... Nc5 13. Nb3 Nxb3 14. Qxb3 a4 15. Qc2 Re8 16. b4 axb3 17. Rxb3 e5 18. Ng5 h6 19. Ne4 Qe7 20. c5 Be6 21. Rb1 Ra7 22. Nd6 Rd8 23. Bd2 Rd7 24. Nc8 Qd8 25. Nxa7 Nxa7 26. Rxb7 Rxb7 27. Bxb7 Qc7 28. Bg2 Nb5 29. c6 Nxa3 30. Qc5 Bf8 31. Qxe5 Bd6 32. Qa5 1-0

[Event "Titled Tuesday intern op 18th May"]
[Site "Chess.com INT"]
[Date "2021.05.18"]
[Round "6"]
[White "Artemiev, Vladislav"]
[Black "Baklan, Vladimir"]
[Result "1-0"]
[WhiteElo "2709"]
[BlackElo "2587"]
[PlyCount "87"]
[EventDate "2021.05.18"]
[EventType "swiss (blitz)"]
[EventRounds "11"]
[EventCountry "USA"]
[SourceTitle "CBM 202 Extra"]
[Source "ChessBase"]
[SourceDate "2021.07.31"]
[SourceVersion "1"]
[SourceVersionDate "2021.06.30"]
[SourceQuality "1"]

1. Nf3 {Edouard,Romain} c5 2. b3 Nc6 3. Bb2 d6 4. d4 ({RR} 4. e3 e5 5. d4 ({RR} 5. Bb5 Bd7 6. O-O Nf6 7. d4 cxd4 8. exd4 e4 9. d5 exf3 10. dxc6 bxc6 11. Re1+ Be7 12. Bxf6 gxf6 13. Bd3 fxg2) 5... cxd4 6. exd4 e4 7. Nfd2 d5 8. Be2 ({RR} 8. c4 Nf6 9. cxd5 Qxd5 10. Nc3 Qxd4 11. Be2 Bb4 12. Rc1 e3 13. fxe3 Qxe3 14. Nc4 Qe7 15. O-O O-O) 8... f5 ({RR} 8... Qg5) 9. O-O Nf6 10. c4 Bd6 11. Nc3 Nxd4 ({RR} 11... O-O 12. Nxd5 Nxd5 13. cxd5 Ne7 14. Nc4 Nxd5 15. Nxd6 Qxd6 16. a4 Qg6) 12. Nxd5 Nxd5 13. cxd5 Nxe2+ 14. Qxe2 O-O 15. Nc4) 4... cxd4 5. Nxd4 Bd7 ({RR} 5... e5 6. Nxc6 bxc6 7. g3 Be6 ({RR} 7... Nf6 8. Bg2 Qc7 9. c4 Bf5 10. O-O Be7 11. Nc3 O-O 12. e4 Be6) 8. Bg2 Rc8 9. c4 f5 ({RR} 9... Nf6 10. O-O Be7 11. c5 d5 12. Bxe5 Bxc5) 10. O-O Nf6 11. c5 ({RR} 11. Nd2 Be7 12. c5 d5 13. Bxe5 Bxc5 14. Nf3) 11... e4 ({RR} 11... d5 12. Bxe5 Bxc5) 12. cxd6 ({RR} 12. Nd2 d5 ({RR} 12... dxc5 13. Qc2) 13. b4 {RR} Be7 14. Nb3) 12... Bxd6 13. Bxf6 ({RR} 13. Nd2) 13... gxf6 14. Nc3 ({RR} 14. Nd2 h5) 14... c5 ({RR} 14... Be5 15. Qc2 Kf7) ({RR} 14... h5) 15. Rc1 O-O 16. Bh3 Qd7 17. Nd5 ({RR} 17. e3 c4) 17... f4 ({RR} 17... Rcd8 18. Ne3 ({RR} 18. Nf4 Bxf4 19. Qxd7 Rxd7 20. gxf4 Rd2) 18... f4 ({RR} 18... Qe8) 19. Bxe6+ ({RR} 19. Nf5 e3) 19... Qxe6 20. Qd5 Qxd5 21. Nxd5 fxg3 22. fxg3 Be5 23. Ne7+ Kf7 24. Nc6 Bd4+ 25. Nxd4 ({RR} 25. Kg2 Rd6) 25... cxd4 26. Rc7+ Ke6 27. Rxa7 Ra8) 18. Nxf4 Bxh3 ({RR} 18... Bxf4 19. Qxd7 Bxd7 20. Bxd7 Bxc1 21. Bxc8) 19. Nxh3 Qe6 20. Kg2 {Vallejo Pons,F (2694)-Edouard,R (2635) Germany 2020 CBM 195 Extra [Edouard,Romain] 1-0}) ({RR} 5... Nf6) ({RR} 5... e6 6. g3 Nf6 7. Bg2 Bd7 8. O-O Be7 9. c4 O-O 10. Nc3 a6 11. Rc1 Rb8 12. a4 Qb6 13. Nf3 Rfd8 14. e4 Be8 15. Rb1 Nd7 16. Ba1 Nde5 17. Ne2 Bf6 18. Nfd4 Qc7 19. Qd2 Nxd4 20. Bxd4 {Artemiev,V (2709)-Alekseev,E (2617) Tornelo INT 2021 1-0 (55)}) 6. c4 Nf6 7. Nc2 $146 ({RR} 7. g3 Nxd4 8. Qxd4 Bc6 9. f3 g6 10. Nc3 Bg7 11. Bg2 O-O 12. Qd2 Qb6 13. e4 Nd7 14. Ne2 Bxb2 15. Qxb2 Ne5 16. Qd4 Qa5+ 17. Qc3 Qc5 18. Qd4 Qa5+ 19. Qc3 Qc5 20. Rd1 b5 21. Nd4 bxc4 {Adewumi,T (2349)-Wafa,H (2359) chess.com INT 2024 0-1 (68)}) 7... Ne4 8. Nd2 Qa5 9. f3 Nf6 10. e4 e6 11. Be2 Be7 12. O-O O-O 13. Kh1 Rfd8 14. f4 Be8 15. Bd3 d5 16. cxd5 exd5 17. Bxf6 dxe4 18. Nxe4 gxf6 19. Ng3 Bd7 20. Qf3 Rac8 21. Rae1 Be6 22. Bc4 Bxc4 23. bxc4 Qxa2 24. Ne3 Kh8 25. Ngf5 Bc5 26. Qh3 Rg8 27. Nh6 Bxe3 28. Nxg8 Rxg8 29. Rxe3 Qxc4 30. Qf3 a5 31. Re4 Qb5 32. h3 a4 33. Ra1 Qb2 34. Rexa4 Nd4 35. Qd5 Ne2 36. Ra8 Ng3+ 37. Kh2 Nf1+ 38. Kg1 Ne3 39. Rxg8+ Kxg8 40. Ra8+ Kg7 41. Qf3 Qd4 42. Kh2 h5 43. Qg3+ Kh6 44. Rh8# 1-0

[Event "Titled Tuesday intern op 18th May"]
[Site "Chess.com INT"]
[Date "2021.05.18"]
[Round "9"]
[White "Martirosyan, Haik M"]
[Black "Salinas Herrera, Pablo Patricio"]
[Result "1-0"]
[WhiteElo "2637"]
[BlackElo "2514"]
[PlyCount "101"]
[EventDate "2021.05.18"]
[EventType "swiss (blitz)"]
[EventRounds "11"]
[EventCountry "USA"]
[SourceTitle "CBM 202 Extra"]
[Source "ChessBase"]
[SourceDate "2021.07.31"]
[SourceVersion "1"]
[SourceVersionDate "2021.06.30"]
[SourceQuality "1"]

1. c4 c6 2. Nf3 Nf6 3. b3 d5 4. Bb2 e6 5. e3 Bd6 6. Rg1 ({RR} 6. Be2 O-O 7. O-O Nbd7 8. d4 Ne4 9. Nbd2 f5 10. Ne5 Nxe5 11. dxe5 Bb4 12. Nxe4 fxe4 13. a3 Ba5 14. b4 Bc7 15. f4 exf3 16. Rxf3 Rxf3 17. Bxf3 Bd7 18. Qd4 Qe7 19. Rf1 a5 20. c5 axb4 {Vachier Lagrave,M (2784)-Shirov,A (2662) Chess.com INT 2020 1-0 (45)}) ({RR} 6. Qc2 O-O 7. Bd3 h6 8. g4 Nxg4 9. Rg1 f5 10. h3 Nf6 11. Nh4 Rf7 12. Ng6 Na6 13. a3 Nc5 14. Be2 Bd7 15. d3 Qe8 16. b4 Na6 17. Ne5 Re7 18. Nd2 Rc8 19. c5 Bb8 20. Ndf3 b6 {Diaz Perez,M (2414)-Meduri,A (2094) chess.com INT 2023 1-0 (46)}) 6... Qe7 $146 ({RR} 6... Nbd7 7. g4 h6 8. h4 Qe7 9. Nc3 b6 10. g5 hxg5 11. hxg5 Nh5 12. cxd5 exd5 13. Nd4 Ne5 14. f4 Nxf4 15. Qc2 c5 16. O-O-O cxd4 17. exf4 dxc3 18. dxc3 Nf3 19. Bb5+ Kf8 20. Rh1 Rxh1 21. Rxh1 {Oparin,G (2681)-Goryachkina,A (2610) Chess.com INT 2022 ½-½ (46)}) 7. g4 e5 8. g5 Ne4 9. cxd5 cxd5 10. Nc3 Nxc3 11. Bxc3 Nc6 12. Bb5 O-O 13. Bxc6 bxc6 14. d4 e4 15. Ne5 Bxe5 16. dxe5 Be6 17. b4 a5 18. bxa5 c5 19. Rg3 Rfd8 20. a3 d4 21. exd4 cxd4 22. Bb4 Qc7 23. Rc1 Qxe5 24. Rc5 Qf4 25. Qd2 Qh4 26. Qe2 Re8 27. Kd1 Qxh2 28. Qf1 e3 29. Rg2 Qf4 30. Kc2 Bf5+ 31. Kb2 e2 32. Qe1 d3 33. Rg3 Rab8 34. Rd5 Bg6 35. Re3 Rxe3 36. fxe3 Qxe3 37. a6 h6 38. gxh6 Qe4 39. Rd7 d2 40. Rxd2 Rxb4+ 41. axb4 Qxb4+ 42. Ka2 Qa4+ 43. Kb2 Qb5+ 44. Kc3 Qc5+ 45. Kb3 Qb6+ 46. Kc3 Qxa6 47. hxg7 Qa5+ 48. Kd4 Kxg7 49. Qxe2 Qb4+ 50. Kd5 Bf5 51. Qe5+ 1-0

[Event "FTX Crypto Cup Prelim"]
[Site "chess24.com INT"]
[Date "2021.05.23"]
[Round "5"]
[White "Mamedyarov, Shakhriyar"]
[Black "Caruana, Fabiano"]
[Result "1-0"]
[WhiteElo "2770"]
[BlackElo "2820"]
[PlyCount "99"]
[EventDate "2021.05.23"]
[EventType "tourn (rapid)"]
[EventRounds "15"]
[EventCountry "GER"]
[EventCategory "21"]
[SourceTitle "CBM 203"]
[Source "ChessBase"]
[SourceDate "2021.08.31"]
[SourceVersion "1"]
[SourceVersionDate "2021.08.31"]
[SourceQuality "1"]

1. Nf3 d5 2. g3 Nf6 3. Bg2 e6 4. d3 Nc6 5. Nbd2 e5 6. O-O a5 7. c3 Bd6 8. e4 dxe4 9. dxe4 O-O 10. a4 $146 ({RR} 10. Qc2 b6 11. Rd1 Ba6 12. Nf1 h6 13. Ne3 Qe8 14. Nf5 Bc5 15. Be3 Bxe3 16. Nxe3 Rd8 17. Nh4 Ne7 18. Rxd8 Qxd8 19. Rd1 Qa8 20. Nd5 Nexd5 21. exd5 Bb7 22. Nf5 g6 23. Ne3 Kg7 24. c4 Nd7 {Miko,S-Portisch,G (2290) Hungary 1994 0-1 (56)}) 10... Be6 11. Qe2 Nd7 12. Nc4 h6 13. Rd1 Qe7 14. Nh4 Bc5 15. Nf5 Bxf5 16. exf5 Rfe8 17. Nd2 Nf6 18. Ne4 Rad8 19. Rxd8 Rxd8 20. Nxc5 Qxc5 21. Be3 Qd6 22. Qb5 e4 23. Bf4 Qd7 24. Re1 b6 25. Bxe4 Re8 26. f3 Nxe4 27. fxe4 f6 28. Kf2 Rd8 29. Re2 Ne5 30. Bxe5 Qxb5 31. axb5 fxe5 32. Ke3 Rd1 33. Rd2 Re1+ 34. Kf3 h5 35. Rd5 Rb1 36. Rxe5 Rxb2 37. Re8+ Kf7 38. Rc8 Rxb5 39. Rxc7+ Kf6 40. Rc6+ Ke7 41. c4 Rc5 42. Rxb6 Rxc4 43. Ra6 a4 44. Kf4 Kf7 45. h3 Rb4 46. g4 Rb3 47. g5 a3 48. g6+ Ke7 49. Ra7+ Kf8 50. e5 1-0

[Event "FTX Crypto Cup Prelim"]
[Site "chess24.com INT"]
[Date "2021.05.24"]
[Round "10"]
[White "Radjabov, Teimour"]
[Black "Pichot, Alan"]
[Result "1-0"]
[WhiteElo "2765"]
[BlackElo "2630"]
[PlyCount "71"]
[EventDate "2021.05.23"]
[EventType "tourn (rapid)"]
[EventRounds "15"]
[EventCountry "GER"]
[EventCategory "21"]
[SourceTitle "CBM 203"]
[Source "ChessBase"]
[SourceDate "2021.08.31"]
[SourceVersion "1"]
[SourceVersionDate "2021.08.31"]
[SourceQuality "1"]

1. Nf3 Nf6 2. b3 d5 3. Bb2 Bf5 4. e3 e6 5. Be2 h6 6. d3 Be7 ({RR} 6... a5 7. a3 Bh7 8. h3 a4 9. b4 c5 10. bxc5 Bxc5 11. O-O O-O 12. c4 dxc4 13. d4 Bd6 14. Bxc4 Ne4 15. d5 exd5 16. Bxd5 Nc6 17. Nc3 Nf6 18. Ba2 Ne5 19. Nxe5 Bxe5 20. Nxa4 Qe7 21. Bxe5 {Van Foreest,J (2688)-Giri,A (2776) Zagreb 2021 ½-½ (56)}) ({RR} 6... c5 7. O-O Nc6 8. Nbd2 Be7 9. c4 O-O 10. a3 Rc8 11. Qc2 dxc4 12. bxc4 a6 13. h3 b5 14. e4 Bh7 15. Rab1 Nd4 16. Nxd4 cxd4 17. Qb3 bxc4 18. Nxc4 Rb8 19. Qa2 Nd7 20. Bxd4 Nc5 21. Rxb8 {D'Arruda,R (2271)-Ruiz Aguilar,P (2162) chess.com INT 2024 1-0 (96)}) 7. Nbd2 Bh7 8. O-O O-O 9. c4 $146 ({RR} 9. Ne5 Nfd7 10. f4 Nxe5 11. Bxe5 c5 12. e4 Nc6 13. Bb2 c4 14. Kh1 cxd3 15. Bxd3 dxe4 16. Bxe4 Bf6 17. Bxf6 Qxf6 18. Bxc6 bxc6 19. Nc4 Rfd8 20. Qe2 Rd4 21. Ne5 c5 22. g3 Rad8 23. Rad1 Be4+ {Kokol,P (2327)-Schwabeneder,F (2438) Vienna 2021 ½-½ (53)}) 9... a5 10. a3 Nbd7 11. Qc2 Bd6 12. Bc3 Qe7 13. Qb2 c6 14. b4 axb4 15. axb4 e5 16. Rxa8 Rxa8 17. d4 exd4 18. Nxd4 Ne5 19. c5 Bc7 20. N4f3 Neg4 21. Bd4 Ne4 22. h3 Ngf6 23. Nxe4 Bxe4 24. b5 Re8 25. Ra1 Kh7 26. Kf1 cxb5 27. Qxb5 Rb8 28. Ra7 Bxf3 29. gxf3 Qe6 30. Bd3+ Kg8 31. Rxb7 Qxh3+ 32. Ke2 Qc8 33. c6 Ra8 34. Bxf6 gxf6 35. Qxd5 Ra5 36. Qd7 1-0

[Event "FIDE World Cup Europe Hybrid Qual"]
[Site "Tornelo INT"]
[Date "2021.05.27"]
[Round "2.3"]
[White "Oparin, Grigoriy"]
[Black "Van Foreest, Lucas"]
[Result "1-0"]
[WhiteElo "2652"]
[BlackElo "2544"]
[PlyCount "141"]
[EventDate "2021.05.24"]
[EventType "k.o."]
[EventRounds "3"]
[EventCountry "NET"]
[SourceTitle "CBM 202 Extra"]
[Source "ChessBase"]
[SourceDate "2021.07.31"]
[SourceVersion "1"]
[SourceVersionDate "2021.06.30"]
[SourceQuality "1"]

1. d4 Nf6 2. Nf3 c5 3. e3 d5 4. Be2 e6 5. O-O Nc6 6. b3 Bd6 7. Bb2 O-O 8. Nbd2 b6 9. c4 cxd4 10. Nxd4 Nxd4 11. Bxd4 Bb7 12. cxd5 Bxd5 $146 ({RR} 12... exd5 13. Rc1 Qe7 14. Bd3 g6 15. Qe2 Ne4 16. Nxe4 dxe4 17. Ba6 Ba3 18. Rcd1 Rac8 19. Bc4 Rfd8 20. Qg4 Bd6 21. h4 Rc7 22. f4 exf3 23. h5 Rxc4 24. bxc4 f5 25. Qh3 fxg2 26. Rf2 Be5 27. hxg6 {Dinev,D (2284)-Mikhalevski,A (2430) Porto Carras 2018 ½-½ (33)}) 13. Nc4 Bc7 14. Rc1 Qb8 15. g3 b5 16. Bxf6 gxf6 17. Nd2 f5 18. Bf3 Bxf3 19. Nxf3 Qb7 20. Qe2 Rfd8 21. Nd4 a6 22. Nc6 Rd6 23. Qf3 Kg7 24. Kg2 Bd8 25. Rc2 Bf6 26. Rfc1 Rc8 27. h4 Bb2 28. Nd4 Qxf3+ 29. Nxf3 Rxc2 30. Rxc2 Bf6 31. Kf1 e5 32. Ke2 f4 33. exf4 exf4 34. gxf4 b4 35. Rc5 Bc3 36. Ra5 Re6+ 37. Kd3 Rd6+ 38. Ke4 Re6+ 39. Ne5 Rh6 40. Nf3 Re6+ 41. Kf5 Rf6+ 42. Kg4 Re6 43. h5 Bf6 44. Ng5 Rc6 45. Ne4 Bc3 46. Rc5 Re6 47. f3 Bb2 48. Rc7 h6 49. f5 Rb6 50. f4 Ba1 51. Rd7 Rc6 52. Nd6 Rc1 53. Rxf7+ Kg8 54. Ra7 Rg1+ 55. Kf3 Rf1+ 56. Ke4 Re1+ 57. Kd5 Rf1 58. Rxa6 Rxf4 59. Ke6 Rf2 60. Ra8+ Kh7 61. Ne4 Re2 62. Kd5 Rh2 63. Ra4 Rxh5 64. Ke6 Rh4 65. Rxb4 Rh1 66. a4 h5 67. a5 h4 68. a6 Rc1 69. a7 Rc6+ 70. Kd7 Ra6 71. Ra4 1-0

[Event "FIDE World Cup Europe Hybrid Qual"]
[Site "Tornelo INT"]
[Date "2021.05.29"]
[Round "3.4"]
[White "Sjugirov, Sanan"]
[Black "Kollars, Dmitrij"]
[Result "1-0"]
[WhiteElo "2663"]
[BlackElo "2607"]
[PlyCount "113"]
[EventDate "2021.05.24"]
[EventType "k.o."]
[EventRounds "3"]
[EventCountry "NET"]
[SourceTitle "CBM 202 Extra"]
[Source "ChessBase"]
[SourceDate "2021.07.31"]
[SourceVersion "1"]
[SourceVersionDate "2021.06.30"]
[SourceQuality "1"]

1. Nf3 d5 2. g3 Bg4 3. Bg2 c6 4. O-O Nf6 5. h3 Bh5 6. d3 Nbd7 7. c4 e6 8. cxd5 exd5 9. e4 dxe4 10. dxe4 Bc5 ({RR} 10... Nc5 11. Nc3 Qxd1 12. Rxd1 Be7 13. g4 Bg6 14. Nh4 Nfxe4 15. Nxe4 Bxe4 16. Bxe4 Bxh4 17. Bg2 Ne6 18. Be3 Ke7 19. f4 Rhd8 20. f5 Bg5 21. Re1 {1-0 (21) Tomashevsky,E (2758)-Bogdanovich,S (2590) Berlin 2015}) 11. Qc2 O-O 12. Kh2 $146 ({RR} 12. Nh4 Bb6 13. Nc3 Nc5 14. Kh2 Ne6 15. f4 Nd4 16. Qa4 Ne2 17. Qc4 Nxc3 18. bxc3 Re8 19. a4 h6 20. Ra2 Rc8 21. Re1 Kh8 22. Rd2 Qe7 23. Nf5 Qc5 24. Qxc5 Bxc5 25. Nd6 Bxd6 26. Rxd6 Bg6 {Bebel,A (2294)-Nowak,K (2318) Sypniewo 2021 1-0 (47)}) 12... Qe7 13. Nh4 Rfe8 14. f4 Bg6 15. Nxg6 hxg6 16. Nc3 Nb6 17. e5 Nfd5 18. Ne4 Be3 19. Qe2 Bxc1 20. Raxc1 Rad8 21. a3 f6 22. exf6 gxf6 23. Qf2 f5 24. Nc5 Qf7 25. Rfe1 Kh7 26. b4 Nf6 27. Rxe8 Rxe8 28. Re1 Re7 29. Rxe7 Qxe7 30. Nd3 Nfd7 31. Qd4 Nc8 32. Ne1 a6 33. Nf3 Nf6 34. Ng5+ Kg7 35. a4 Nd6 36. Qe5 Nc8 37. Ne6+ Kf7 38. Ng5+ Kg7 39. Ne6+ Kf7 40. Nc5 Nd6 41. Qd4 Nde4 42. Nd3 Kg7 43. Ne5 Nd6 44. g4 fxg4 45. hxg4 Kh7 46. Bf3 Nf7 47. Nxf7 Qxf7 48. Kg3 Qe7 49. Qe5 Qxe5 50. fxe5 Nd5 51. b5 axb5 52. axb5 g5 53. Bxd5 cxd5 54. Kf3 Kg7 55. Ke3 Kf7 56. Kd4 Ke6 57. b6 1-0

[Event "FIDE World Cup Europe Swiss playoff"]
[Site "Tornelo INT"]
[Date "2021.05.30"]
[Round "1"]
[White "Artemiev, Vladislav"]
[Black "Alekseev, Evgeny V"]
[Result "1-0"]
[WhiteElo "2709"]
[BlackElo "2617"]
[PlyCount "109"]
[EventDate "2021.05.30"]
[EventType "swiss (rapid)"]
[EventRounds "9"]
[EventCountry "NET"]
[SourceTitle "CBM 202 Extra"]
[Source "ChessBase"]
[SourceDate "2021.07.31"]
[SourceVersion "1"]
[SourceVersionDate "2021.06.30"]
[SourceQuality "1"]

1. b3 c5 2. Bb2 Nc6 3. Nf3 d6 4. d4 cxd4 5. Nxd4 e6 6. g3 Nf6 7. Bg2 Bd7 8. O-O Be7 9. c4 O-O 10. Nc3 a6 11. Rc1 $146 ({RR} 11. e4 Rb8 12. Re1 Qa5 13. Nxc6 bxc6 14. e5 dxe5 15. Na4 Rfd8 16. Bxe5 Rbc8 17. Qc2 c5 18. Bb7 Bc6 19. Bxc8 Rxc8 20. Rad1 Qb4 21. h3 Bf3 22. Rd2 Qb7 23. Kh2 Ne4 24. Rd3 Nf6 25. Qd2 h5 {Keene,R-Knox,V Eastbourne/ East Sussex 1973 1-0 (41)}) 11... Rb8 12. a4 Qb6 13. Nf3 Rfd8 14. e4 Be8 15. Rb1 Nd7 16. Ba1 Nde5 17. Ne2 Bf6 18. Nfd4 Qc7 19. Qd2 Nxd4 20. Bxd4 Ng4 21. Rfd1 Bxd4 22. Nxd4 Nf6 23. Rbc1 b6 24. Rc3 Rbc8 25. Rd3 Nd7 26. h4 Nc5 27. Re3 Qe7 28. Ne2 Nxb3 29. Rxb3 Bxa4 30. Rxb6 Bxd1 31. Qxd1 Rxc4 32. Rxa6 Qc7 33. Bf3 h6 34. Kg2 Qc5 35. Ra2 Rb8 36. Rd2 Rb6 37. Qa1 Rcb4 38. Nf4 Rb1 39. Qa4 Rb8 40. Qd7 R1b7 41. Qxd6 Qxd6 42. Rxd6 Rb2 43. Rd7 Ra2 44. e5 Rf8 45. g4 Ra5 46. Nd3 g6 47. Be4 Rc8 48. f3 Rc2+ 49. Kg3 Ra1 50. Kf4 Rh1 51. Nb4 Rc4 52. Nc6 Rxh4 53. Nd8 h5 54. Kg5 Rh3 55. Nxf7 1-0